00687nam a2200193Ia 4500008004000000020001800040082001600058100002100074245007900095250000500174260003800179300001100217440000600228650004700234690002500281906001100306999001900317952015700336210210b2004 xxu||||| |||| 00| 0 eng d a81 7649 646 4 a371.42 MORI aMORKES (Andrew). aInternational encyclopedia of careers and vocational guidance. Ed.12 Vol.1 a aNDbViva Books Private Ltd.c2004 avi,858 a1 aEncyclopedia careers vocational guidance  aCareer & Counselling a059147 c106489d106489 001040738EducationaALbALcEducationd2021-02-17eStandard Literature, Mumbai.g2375.00l0o371.42 MORIp059147r2021-02-17 00:00:00w2021-02-17yBK